000 01038nam a2200229Ia 4500
999 _c43715
_d43715
001 10456
003 GE_BSU
005 20221219143542.0
008 181216s1985ge xx |||||||||||||| ||geo||
040 _cGE_BSU
041 _ageo
080 _a821.353.1–3+821.353.1–82 ქ-27
245 _aქართული პროზა: წ.9:
_bაკაკი წერეთელი /
_cშემდგ: გ.გვერდწითელი, ნ.ებრალიძე, რ.თვარაძე
264 _aთბილისი :
_bსაბჭოთა საქართველო,
_c1985.
300 _a623 გვ;
_b20 სმ.
653 _aქართული პროზა: წ.9:
653 _aაკაკი წერეთელი
700 _aგვერდწითელი, ნ
_eშემდგენელი
_916494
700 _aებრალიძე, ნ
_eშემდგენელი
_916465
700 _aთვარაძე, რ
_eშემდგენელი
_914595
942 _cBK
_2udc